Twist and shout (Record no. 74750)
[ view plain ]
| 000 -LEADER | |
|---|---|
| fixed length control field | 01572cab a2200229 4500 |
| 001 - CONTROL NUMBER | |
| control field | ABS68596 |
| 008 - FIXED-LENGTH DATA ELEMENTS--GENERAL INFORMATION | |
| fixed length control field | 050125n2005 000 0 eng u |
| 035 ## - SYSTEM CONTROL NUMBER | |
| System control number | (Sirsi) u128602 |
| 100 ## - MAIN ENTRY--PERSONAL NAME | |
| Personal name | Redmond, J. |
| 245 ## - TITLE STATEMENT | |
| Title | Twist and shout |
| 260 ## - PUBLICATION, DISTRIBUTION, ETC. | |
| Date of publication, distribution, etc. | 2005 |
| 490 ## - SERIES STATEMENT | |
| Series statement | Building |
| Volume/sequential designation | 270(8364) 14 January 2005, 51(1) |
| 520 ## - SUMMARY, ETC. | |
| Summary, etc. | Discusses the uses and problems associated with liquidated damages clauses. Notes the popularity of such clauses with both employer and contractor as the latter wants to limit exposure and the building owner often finds it attractive to agree a figure for delay in advance, so that the effort of proving it at a later date is reduced. Comments on how the courts are often wary of liquidated damage clauses and this has led to a rule that the clause will not be enforced in certain circumstances, to the benefit of contractors who had argued that they are unenforceable. Shows how these clauses are still enforceable with the aid of various recent rulings including "Philips Hong Kong Ltd v Attorney General of Hong Kong" (PC 9 February 1993, Times 15 Febraury 1993). Here a judge argued that to strike out a liquidated damage clause was a blatant interference with freedom of contract. |
| 590 ## - LOCAL NOTE (RLIN) | |
| Local note | ABS |
| 650 ## - SUBJECT ADDED ENTRY--TOPICAL TERM | |
| Topical term or geographic name entry element | LIQUIDATED DAMAGES |
| 650 ## - SUBJECT ADDED ENTRY--TOPICAL TERM | |
| Topical term or geographic name entry element | BUILT ENVIRONMENT-BUILDING CONTRACT FORMS |
| 650 ## - SUBJECT ADDED ENTRY--TOPICAL TERM | |
| Topical term or geographic name entry element | BUILDING CONTRACTORS |
| 650 ## - SUBJECT ADDED ENTRY--TOPICAL TERM | |
| Topical term or geographic name entry element | NORTH SEA VENTILATION LTD V CONSAFE ENGINEERING (UK) LTD |
| 650 ## - SUBJECT ADDED ENTRY--TOPICAL TERM | |
| Topical term or geographic name entry element | PHILIPS HONG KONG LTD V ATTORNEY GENERAL OF HONG KONG |
| 690 ## - LOCAL SUBJECT ADDED ENTRY--TOPICAL TERM (OCLC, RLIN) | |
| Topical term or geographic name as entry element | BUILT ENVIRONMENT-BUILDING CONTRACT FORMS |
| 942 ## - ADDED ENTRY ELEMENTS (KOHA) | |
| Suppress in OPAC | 0 |
| Withdrawn status | Lost status | Source of classification or shelving scheme | Damaged status | Not for loan | Home library | Current library | Shelving location | Date acquired | Total Checkouts | Full call number | Barcode | Date last seen | Copy number | Price effective from | Koha item type |
|---|---|---|---|---|---|---|---|---|---|---|---|---|---|---|---|
| Dewey Decimal Classification | London | London | Journal article | 25/01/2005 | ABS68596 | 128602-1001 | 06/08/2019 | 1 | 06/08/2019 | Journal article |